Statistics for Nick's Common Cartoon Knowledge Quiz #2

Click here to take the quiz!

General Stats

  • This quiz has been taken 44 times
  • The average score is 7 of 18

Answer Stats

HintAnswer% Correct
What color was the Great Grape Ape?Purple
85%
Who is handsome, muscular, and confident, but can't get the girls?Johnny Bravo
71%
Hanna-Barbera helped create which television channel?Cartoon Network
59%
The Globetrotters have appeared a few times on which show?Scooby-Doo
54%
Which show has won the most Kid's Choice Awards for Favorite Cartoon?Spongebob Squarepants
54%
Who is the crush of Doug Funnie?Patty Mayonnaise
46%
What 60's show predicted some modern day technology?The Jetsons
46%
Which show had the slogan, "The Power is Yours!"?Captain Planet and the Planeteers
44%
What show is the term, "Kamehameha!" from?Dragon Ball Z
41%
Which famous character can't pronounce his Rs?Elmer Fudd
39%
Which Michael Keaton movie spawned a cartoon?Beetlejuice
37%
Where does Futurama take place?New New York
37%
What animal is Jabberjaw?Great White Shark
34%
Who is always trying to rule the Tri-State area?Heinz Doofenshmirtz
22%
Sector V is one part of what worldwide organization?Codename: Kids Next Door
15%
Zorak is a villain in which show?Space Ghost Coast to Coast
15%
How many smurfs were there originally?99
10%
What is the name of Adult Swim's action-animation block?Toonami
10%

Score Distribution

Percentile by Number Answered

Percent of People with Each Score

Your Score History

You have not taken this quiz